| 000 | 00000nas 2200000za 4500 |
| 001 | 9.820714 |
| 003 | CaOODSP |
| 005 | 20221107143302 |
| 007 | cr ||||||||||| |
| 008 | 160708d19461967onc x m oss f000#b0fre|d |
| 040 | |aCaOODSP|bfre |
| 043 | |an-cn--- |
| 086 | 1 |aCS3-7F-PDF |
| 130 | 0 |aDocument de référence (Canada. Bureau fédéral de la statistique) |
| 245 | 00|aDocument de référence |h[ressource électronique] / |cBureau federal de la statistique. |
| 260 | |a[Ottawa] : |bBureau fédéral de la statistique, |c1946-1967? |
| 310 | |aIrrégulier |
| 500 | |aPublié aussi en anglais sous le titre : Reference paper. |
| 692 | 07|2gccst|aStatistiques |
| 710 | 1 |aCanada. |bBureau fédéral de la statistique. |
| 775 | 08|tReference paper |w(CaOODSP)9.820711 |
| 775 | 08|tReference paper |w(CaOODSP)9.861429 |